Born in Sydney - Statistics

General Stats
  • This quiz has been taken 19 times
    4 since last reset
  • The average score is 16 of 39
Answer Stats
Hint Answer % Correct
Actor and comedian, "Crocodile Dundee" 1939 Paul Hogan
100%
Singer, "Ecplise" "Born to Try" "Lost without You" 1984 Delta Goodrem
75%
Actor, "X-Men" "Les Misérables" "The Greatest Showman" "Prisoners" 1968 Hugh Jackman
75%
Prime Minister of Australia from 2015 to 2018 1954 Malcolm Turnbull
75%
One of the highest earning models, wife of the Snapchat CEO and ex-wife of Orlando Bloom 1983 Miranda Kerr
75%
Singer, "Torn" and actress, "Neighbours" "Johnny English" 1975 Natalie Imbruglia
75%
Actress and comedian, "Pitch Perfect" "Cats" "Bridesmaids" "Jojo Rabbit" 1980 Rebel Wilson
75%
Actress, "Sixth Sense" "Knives Out" "Hereditary" 1972 Toni Collette
75%
Director, "The Great Gatsby" "Romeo + Juliet" "Elvis" "Moulin Rouge!" 1962 Baz Luhrmann
50%
Retired swimmer and winner of five Olympic gold medals 1982 Ian Thorpe
50%
Actress, known for her roles as Bella Hartley in "H2O: Just Add Water" and Matilda Hunter in "Home and Away" 1990 Indiana Evans
50%
Former goalkeeper and Australia's most capped player (Middlesbrough, Fulham, Chelsea) 1972 Mark Schwarzer
50%
Director, "Dead Poets Society" "The Truman Show" "Witness" 1944 Peter Weir
50%
Prime Minister of Australia from 2018 to 2022 1968 Scott Morrison
50%
Former soccer player and all time top scorer for Australia (Millwall, Everton) 1979 Tim Cahill
50%
Soccer player who plays for Celtic and the Australia national team 1990 Aaron Mooy
25%
Tennis player who reached the US Open quarterfinals 1999 Alex de Minaur
25%
Cinematographer, "The Lord of the Rings""The Hobbit" "I Am Legend" 1956 Andrew Lesnie
25%
Actress, best known for her roles as Betty Brant in the MCU and Holly March in "The Nice Guys" 2001 Angourie Rice
25%
Bicycle racer, a sprinter and winner of several individual stages at all three Grand Tours 1994 Caleb Ewan
25%
Director, "I, Tonya" "Cruella" "Lars and the Real Girl" 1967 Craig Gillespie
25%
Actress, "Little Women" "Sharp Objects" "The Devil All the Time" 1999 Eliza Scanlen
25%
Head coach of Australia's men's national soccer team since 2018 1963 Graham Arnold
25%
Rapper, "Black Widow" "Fancy" "Problem" 1990 Iggy Azalea
25%
Actress, "Silver Linings Playbook" "Animal Kingdom" "Bird Box" 1947 Jacki Weaver
25%
Actor, "Suicide Squad" "Terminator Genisys" "Divergent" 1986 Jai Courtney
25%
Director, "V for Vendetta" "Ninja Assassin" 1967 James McTeigue
25%
President of the World Bank from 1995 to 2005 1933 James Wolfensohn
25%
Governor of Queensland since 2021 1963 Jeannette Young
25%
Former British tennis player, who represented Australia until 2012 and semifinalist of several Grand Slam tournaments 1991 Johanna Konta
25%
Chemist who was awarded the Nobel Prize for his work on the stereochemistry of enzyme-catalysed reactions 1918 John Cornforth
25%
Shooting guard who plays for the Charlotte Hornets 2000 Josh Green
25%
Actor, "Love, Simon" "The Flash" "Legends of Tomorrow" "Dance Academy" 1991 Keiynan Lonsdale
25%
Former soccer player, former captain of the national team and player for Millwall, Blackburn, West Ham and Galatasaray 1978 Lucas Neill
25%
Author of "The Book Thief" 1975 Markus Zusak
25%
Actress, known for her role as young Rhaenyra Targaryen in "House of Dragons" 2000 Milly Alcock
25%
Premier of New South Wales from 2005 to 2008 1961 Morris Iemma
25%
Actress, knowm for her roles as Hayley Marshall in "The Vampire Diaries" and Cleo Sertori in "H2O: Just Add Water" 1989 Phoebe Tonkin
25%
Actress best known for her role as Lorna Morello in "Orange Is the New Black" 1985 Yael Stone
25%
No matching quizzes found
Score Distribution
Percent of People with Each Score
Percentile by Number Answered
Your Score History
You have not taken this quiz since the last reset